书目信息 |
| 题名: |
化工原理 上
|
|
| 作者: | 谭天恩 编著 | |
| 分册: | ||
| 出版信息: | 北京 化学工业出版社 1984.06 |
|
| 页数: | 387页 | |
| 开本: | 26cm | |
| 丛书名: | ||
| 单 册: | ||
| 中图分类: | TQ02-43 | |
| 科图分类: | ||
| 主题词: | 化工过程:物理过程 , 化工过程:物理化学过程 , 化工过程 | |
| 电子资源: | ||
| ISBN: | 7-5025-0011-1 | |
| 000 | 00626nam0 2200217 450 | |
| 001 | 0658473523 | |
| 005 | 20060330161433.51 | |
| 010 | @a7-5025-0011-1@dCNY4.50 | |
| 100 | @a20060330d1984 km y0chiy0120 ea | |
| 101 | 0 | @achi |
| 102 | @aCN@b110000 | |
| 200 | 1 | @a化工原理 上@Ahua gong yuan li shang@f谭天恩等编著@Ftan tian en deng bian zhu |
| 210 | @a北京@c化学工业出版社@d1984.06 | |
| 215 | @a387页@d26cm | |
| 606 | 0 | @a化工过程:物理过程 |
| 606 | 0 | @a化工过程:物理化学过程 |
| 606 | 0 | @a化工过程 |
| 690 | @aTQ02-43@v3 | |
| 701 | 0 | @a谭天恩@Atan tian en@4编著 |
| 801 | 0 | @aCN@bPFT@c20060330 |
| 905 | @a10447@dTQ02-43@eT121:1 | |
| 化工原理 上/谭天恩等编著.-北京:化学工业出版社,1984.06 |
| 387页;26cm |
| ISBN 7-5025-0011-1:CNY4.50 |
| ● |
| 相关链接 |
|
|
|
正题名:化工原理 上
索取号:TQ02-43/T121:1
 
预约/预借
| 序号 | 登录号 | 条形码 | 馆藏地/架位号 | 状态 | 备注 |
| 1 | 4007 | 200104653 | 自科二线504/504自科库 41排5列6层/ [索取号:TQ02-43/T121:1] | 在馆 |